[Event "FRA-chT2 0910"]
[Site "France"]
[Date "2009.10.18"]
[Round "3.1"]
[White "Dieu, Bruno"]
[Black "Boucet, Alexandre"]
[Result "1/2-1/2"]
[WhiteElo "2260"]
[BlackElo "2138"]
[PlyCount "67"]
[EventDate "2009.09.27"]
[EventType "team-tourn"]
[EventRounds "11"]
[EventCountry "FRA"]
[SourceTitle "EXT 2011"]
[Source "ChessBase"]
[SourceDate "2010.11.26"]
[SourceVersion "1"]
[SourceVersionDate "2010.11.26"]
[SourceQuality "1"]

1. d4 Nf6 2. c4 g6 3. Nc3 d5 4. cxd5 Nxd5 5. Bd2 Bg7 6. e4 Nxc3 7. Bxc3 c5 8. d5 Bxc3+ 9. bxc3 0-0 10. Qd2 e6 11. d6 Bd7 12. h4 Qf6 13. Nf3 Bc6 14. Bd3 Nd7 15. Bc2 b5 16. 0-0 Rfd8 17. Rad1 Rab8 18. Qe3 e5 19. Rfe1 Rb6 20. Rd2 Ra6 21. Bb1 Bb7 22. Red1 c4 23. Qg5 Qxg5 24. hxg5 Ra3 25. Rc1 Kg7 26. Nh2 f6 27. gxf6+ Kxf6 28. f4 exf4 29. Rf1 Rxc3 30. Rxf4+ Ke6 31. Nf3 Rc1+ 32. Kh2 Rxb1 33. Ng5+ Ke5 34. g3 1/2-1/2